[Event "BL2-West 1819"]
[Site "Germany"]
[Date "2018.10.21"]
[Round "1.7"]
[White "Wittenberg, Andreas"]
[Black "Klein, Felix"]
[Result "1/2-1/2"]
[WhiteElo "2221"]
[BlackElo "2329"]
[PlyCount "82"]
[EventDate "2018.11.21"]
[EventType "team-tourn"]
[EventRounds "9"]
[EventCountry "GER"]
[SourceTitle "CBM 190 Extra"]
[Source "ChessBase"]
[SourceDate "2019.07.15"]
[SourceVersion "1"]
[SourceVersionDate "2019.07.15"]
[SourceQuality "1"]
[WhiteTeam "Muelheim Nord II"]
[BlackTeam "Aachen SV"]
[WhiteTeamCountry "GER"]
[BlackTeamCountry "GER"]

1. d4 d5 2. Nf3 e6 3. c4 dxc4 4. e3 c5 5. Bxc4 Nf6 6. 0-0 a6 7. dxc5 Bxc5 8. Qxd8+ Kxd8 9. Ne5 Ke7 10. Rd1 Nbd7 11. Nd3 Bd6 12. a4 b6 13. b3 Bb7 14. Ba3 Ne4 15. f3 Bxa3 16. Nxa3 Nd6 17. e4 Rac8 18. Rd2 Rhd8 19. Rad1 g5 20. Nb4 Nc5 21. e5 Nxc4 22. bxc4 Rxd2 23. Rxd2 Nxa4 24. Kf2 Rd8 25. Rxd8 Kxd8 26. Ke3 Kd7 27. Kd4 Nc5 28. Nbc2 g4 29. fxg4 Bxg2 30. Ne3 Be4 31. g5 Kc6 32. Ng4 b5 33. cxb5+ axb5 34. Nf6 Bf5 35. Ne8 Na4 36. Nd6 b4 37. Nac4 b3 38. Na5+ Kd7 39. Nxb3 Bg6 40. Nc5+ Nxc5 41. Kxc5 Ke7 1/2-1/2